000 01201cam a2200301K 4500
001 28831
003 BD-RjUL
005 20211209051333.0
008 140301s1961 ohua o 000 0 eng d
035 _a(OCoLC)ocn598387453
_a(OCoLC)ocn598387453
035 _a(BD-RjUL)28915
040 _aOCLCE
_beng
_cOCLCE
_dOCLCQ
_dBD-RjUL
041 _aeng
082 0 4 _a131.3082
_bMEN 1961
245 1 0 _aMental hygiene :
_ba text of readings /
_cPeter T Hountras.
260 _aColumbus, Ohio :
_bMerrill,
_cc1961.
300 _a1 online resource (xi, 577 p.) :
_bill. ;
_c28 cm.
506 _3Use copy
_fRestrictions unspecified
_2star
_5MiAaHDL
650 2 _aMental Health.
_988165
650 6 _aPsychophysiologie.
_988166
650 0 _aMental health.
_988167
700 1 _aHountras, Peter T.
_988168
776 0 8 _iPrint version:
_aHountras, Peter T.
_tMental hygiene; a text of readings.
_dColumbus, Ohio, Merrill [c1961]
_w(DLC) 61009211
_w(OCoLC)14622301
856 4 0 _3HathiTrust Digital Library
_uhttp://catalog.hathitrust.org/api/volumes/oclc/14622301.html
856 4 0 _3HathiTrust Digital Library
_uhttp://catalog.hathitrust.org/api/volumes/oclc/301894.html
942 _2ddc
_cBK
999 _c28831
_d28831